000
00341pam a2200157a 44500
008
230405s1996 xxu||||| |||| 00| 0 eng d
041
_a
ENG
100
_a
DANIELS A
245
_a
BASIC SYSTEM ANALYSIS
250
_a
1996
260
_a
NULL
_b
B.P.B. PUBLICATIONS
_c
1996
300
_a
1
650
_a
SAD
690
_a
MBA
906
_a
360
999
_c
281171
_d
281171